| 000 | 00431 a2200169 4500 | ||
|---|---|---|---|
| 020 | _a0761933689 | ||
| 024 | _a780761933687 | ||
| 082 | _a371.2 | ||
| 090 |
_c7002 _d7002 |
||
| 100 | _aMukhopadhyay,Marmar | ||
| 245 |
_aTotal Quality Management in Education. _cMarmar Mukhopadhyay |
||
| 250 | _a2nd | ||
| 260 |
_aNew Delhi _bSAGE Publications. _c2005 |
||
| 300 | _a225p. | ||
| 500 | _aPaper Cover | ||
| 942 |
_aNBS _cBK _k371.2 MUK |
||
| 999 |
_c349336 _d349336 |
||